Football Teams Kevin De Bruyne Played For - Statistics

General Stats
  • This quiz has been taken 113 times
  • The average score is 4 of 5
Answer Stats
League Years Team % Correct
England 2015- Manchester City
99%
England 2013-2014 Chelsea FC
94%
Germany 2014-2015 VfL Wolfsburg
91%
Belgium 2008-2012 KRC Genk
77%
Germany 2012-2013 SV Werder Bremen
62%
No matching quizzes found
Score Distribution
Percent of People with Each Score
Percentile by Number Answered
Your Score History
You have not taken this quiz